Channel and hillslope processes in a semi arid area, New Mexico /

Bibliographic Details
Main Author: Leopold, Luna B. (Luna Bergere), 1915-2006
Other Authors: Emmett, William W., Myrick, Robert M.
Format: Government Document Book
Language:English
Published: Washington : U.S. G.P.O., 1966.
Series:Geological Survey professional paper ; 352-G.
Subjects:

MARC

Tag First Indicator Second Indicator Subfields
LEADER 00000cam a2200000Ma 4500
001 in00002784591
005 20151202171847.0
008 900327s1966 wauab 000 0 eng d
035 |a (OCoLC)ocn220764229 
035 |a (OCoLC)220764229 
040 |a AU@  |b eng  |c AU@  |d OCLCQ  |d UtOrBLW 
043 |a n-us-nm 
049 |a TXAM 
050 1 4 |a QE75.P9 no  |b .352-G 
086 |a I 19.16:352-G 
100 1 |a Leopold, Luna B.  |q (Luna Bergere),  |d 1915-2006. 
245 1 0 |a Channel and hillslope processes in a semi arid area, New Mexico /  |c by Luna B. Leopold, William W. Emmett and Robert M. Myrick. 
246 3 |a Erosion and sedimentation in a semi arid environment, pt. G 
264 1 |a Washington :  |b U.S. G.P.O.,  |c 1966. 
300 |a iv, 193-253 pages :  |b illustrations, maps. 
336 |a text  |b txt  |2 rdacontent 
337 |a unmediated  |b n  |2 rdamedia 
338 |a volume  |b nc  |2 rdacarrier 
490 1 |a Geological Survey professional paper ;  |v 352-G 
500 |a Issued as part G of the title: Erosion and sedimentation ina semi arid environment. 
650 0 |a Erosion. 
650 0 |a Sedimentation and deposition. 
650 0 |a Rivers  |z New Mexico. 
700 1 |a Emmett, William W. 
700 1 |a Myrick, Robert M. 
830 0 |a Geological Survey professional paper ;  |v 352-G. 
948 |a cataloged  |b h  |c 2012/12/14  |d c  |e mvaldespin  |f 09:25:14 am 
994 |a C0  |b TXA 
999 |a MARS 
999 f f |s a03297de-57b2-373a-9365-ba7885126a42  |i 6ec80fae-7b15-340a-990d-e125abc806ae  |t 0 
952 f f |p normal  |a Texas A&M University  |b College Station  |c Sterling C. Evans Library  |d Evans: US Documents (Annex 5th floor)  |t 0  |e I 19.16:350-352 A-I  |h Superintendent of Documents classification  |i unmediated -- volume  |m A14832129439 
952 f f |a Texas A&M University  |b College Station  |c Sterling C. Evans Library  |d Evans: US Documents (Annex 5th floor)  |t 0  |e I 19.16:350-352 A-I  |h Superintendent of Documents classification 
998 f f |a I 19.16:350-352 A-I  |t 0  |l Evans: US Documents (Annex 5th floor)